The Monge-Ampere equation
Αποθηκεύτηκε σε:
| Κύριος συγγραφέας: | |
|---|---|
| Μορφή: | Βιβλίο |
| Γλώσσα: | English |
| Δημοσίευση: |
Boston :
Birkhauser,
c2001
|
| Σειρά: | Progress in nonlinear differential equations and their applications ;
; 44 |
| Θέματα: | |
| Ετικέτες: |
Προσθήκη ετικέτας
Δεν υπάρχουν, Καταχωρήστε ετικέτα πρώτοι!
|
MARC
| LEADER | 00000nam a2200000 i 4500 | ||
|---|---|---|---|
| 001 | 1/82754 | ||
| 008 | 080416s2001 eng d | ||
| 020 | |a 0-8176-4177-7 | ||
| 035 | |l 10096745 | ||
| 040 | |a GR-MY-UA |b gre |e aacr | ||
| 041 | 0 | |a eng | |
| 082 | 0 | |a 515.353 |2 (22) | |
| 100 | 1 | |a Gutverrez, Cristian E. |d 1950- | |
| 245 | 1 | 4 | |a The Monge-Ampere equation / |c Cristian E. Gutverrez |
| 260 | |a Boston : |b Birkhauser, |c c2001 | ||
| 300 | |a xi, 126 σ.; |c 25 εκ. | ||
| 490 | 1 | |a Progress in nonlinear differential equations and their applications |v ; 44 | |
| 504 | |a Περιέχει βιβλιογραφικές παραπομπές (σ. [123]-126) και ευρετήριο | ||
| 650 | 0 | 0 | |a Monge-Ampere equations. |
| 830 | 0 | |a Progress in nonlinear differential equations and their applications ; |v ; 44 | |
| 852 | |a INST |b SAMOS |e 20080416 |h 515.353 GUT |p 005300030454 |q 005300030454 |t BK |y 0 | ||
| 901 | |a BIBL3-2008-1 | ||
| 909 | |a Σ |b 151943 | ||
| 922 | |a 3ΕΛΗ |b 200803 |c ΕΠΕΑΕΚ2/ΤΜΗΜΑ ΜΑΘΗΜΑΤΙΚΩΝ |d ΕΛΕΥΘΕΡΟΥΔΑΚΗΣ | ||
| 970 | |a ΡΟΥΣΣΟΥ |b ΚΩΝΣΤΑΝΤΙΝΑ |z 2008/04/16 | ||